000 00419nam a22001697a 4500
003 BD-RjUL
005 20250728162857.0
008 250728b |||||||| |||| 00| 0 eng d
035 _a(BD-RjUL)
040 _aBD-RjUL
_beng
_cBD-RjUL
041 _aeng
082 _223
_a492.75
_bUST 1955
245 _aاستاد عربی ;; ustad i Arbi /
300 _a224 p. ;
_c17 cm
650 _aArabic Grammar
942 _2ddc
_cBK
999 _c85344
_d85344